| Tag |
First Indicator |
Second Indicator |
Subfields |
| LEADER |
00000cam a2200000 4500 |
| 001 |
in00000042816 |
| 005 |
20151007064855.0 |
| 008 |
760610s1973 rurc 00000 rusr |
| 010 |
|
|
|a 74313760
|
| 035 |
|
|
|a (OCoLC)02220182
|
| 035 |
|
|
|9 AAE0805AM
|
| 037 |
|
|
|c 1.50rub
|
| 040 |
|
|
|a DLC
|c YSM
|d TXA
|d UtOrBLW
|
| 049 |
|
|
|a TXAM
|c [719320]
|
| 050 |
0 |
0 |
|a PG2933
|b .T875 1973
|
| 100 |
1 |
|
|a Tvardovskiĭ, A.
|q (Aleksandr),
|d 1910-1971.
|
| 245 |
1 |
0 |
|a O literature. :
|b [Sbornik.
|
| 264 |
|
1 |
|a Moskva :
|b "Sovremennik",
|c 1973]
|
| 300 |
|
|
|a 445 pages :
|b portrait ;
|c 21 cm.
|
| 336 |
|
|
|a text
|b txt
|2 rdacontent
|
| 337 |
|
|
|a unmediated
|b n
|2 rdamedia
|
| 338 |
|
|
|a volume
|b nc
|2 rdacarrier
|
| 490 |
1 |
|
|a Biblioteka O vremeni i o sebe
|
| 500 |
|
|
|a In Cyrillic characters.
|
| 536 |
|
|
|a From the Estate of George and Mathilda Sabo by Dr. Joseph R. Corcoran & Irene Sabo Corcoran and Family. September 1998.
|
| 650 |
|
0 |
|a Russian literature.
|
| 650 |
|
0 |
|a Creation (Literary, artistic, etc.)
|
| 830 |
|
0 |
|a Biblioteka "O vremeni i o sebe."
|
| 999 |
|
|
|a MARS
|
| 999 |
f |
f |
|s 41ce9e4b-8b03-3072-ae2a-459279bcde80
|i ea25cca3-e0e9-31ed-baf5-5d8b2eed6943
|t 0
|
| 952 |
f |
f |
|p ric
|a Texas A&M University
|b Rellis Campus
|c Joint Library Facility
|s JLF
|d Remote Storage
|t 0
|e PG2933 .T875 1973
|h Library of Congress classification
|i unmediated -- volume
|m A14803615542
|
| 998 |
f |
f |
|a PG2933 .T875 1973
|t 0
|l Remote Storage
|